[Event "Nairobi Mashariki op"]
[Site "Nairobi"]
[Date "2024.09.21"]
[Round "1"]
[White "Allan, Chumba"]
[Black "Mugilwa Jnr, Serede Elvis"]
[Result "1-0"]
[WhiteElo "1798"]
[BlackElo "1433"]
[PlyCount "43"]
[EventDate "2024.09.21"]
[EventType "swiss"]
[EventRounds "5"]
[EventCountry "KEN"]
[SourceTitle "EXT 2025"]
[Source "ChessBase"]
[SourceDate "2024.10.14"]
[SourceVersion "1"]
[SourceVersionDate "2024.10.14"]
[SourceQuality "1"]

1. d4 Nf6 2. c4 e6 3. g3 d5 4. Bg2 Bd6 5. Nf3 b6 6. 0-0 Bb7 7. Nc3 c5 8. cxd5 Nxd5 9. Bg5 f6 10. Bd2 0-0 11. Qb3 Kh8 12. Rfd1 Re8 13. dxc5 Bxc5 14. e4 Nxc3 15. Bxc3 Qe7 16. e5 f5 17. Bd2 Nd7 18. Bg5 Qf7 19. Qa4 Rad8 20. Bxd8 Rxd8 21. b4 Be7 22. Rxd7 1-0

[Event "Nairobi Mashariki op"]
[Site "Nairobi"]
[Date "2024.09.21"]
[Round "2"]
[White "Flavius, Hyacinth"]
[Black "Allan, Chumba"]
[Result "0-1"]
[WhiteElo "1712"]
[BlackElo "1798"]
[PlyCount "40"]
[EventDate "2024.09.21"]
[EventType "swiss"]
[EventRounds "5"]
[EventCountry "KEN"]
[SourceTitle "EXT 2025"]
[Source "ChessBase"]
[SourceDate "2024.10.14"]
[SourceVersion "1"]
[SourceVersionDate "2024.10.14"]
[SourceQuality "1"]

1. e4 c5 2. Nc3 Nc6 3. f4 e6 4. Nf3 g6 5. Bc4 Bg7 6. d3 Nge7 7. 0-0 0-0 8. Bb3 d5 9. Qe1 Nd4 10. Ne2 Nxf3+ 11. Rxf3 b5 12. c3 c4 13. Bc2 cxd3 14. Bxd3 Bb7 15. Ng3 h5 16. Bxb5 Qb6+ 17. Kh1 Qxb5 18. Re3 h4 19. Nf1 dxe4 20. Qxh4 Qxf1# 0-1